Tax planning in Singapore & Malaysia : trusts to save estate duty & income tax

Bibliographic Details
Main Author: Awther Singh (Author)
Format: Book
Language:English
Published: Singapore : Quins Pte 1984
Edition:Revised Edition
Subjects:

MARC

LEADER 00000cam a2200000 7i4500
001 0000001840
005 20240924.0
008 991126 si eng
040 |a INS   |b eng   |e rda 
090 0 0 |a KPG740   |b .S56 1984 
100 0 |a Awther Singh ,   |e author 
245 1 0 |a Tax planning in Singapore & Malaysia :   |b trusts to save estate duty & income tax   |c by Awther Singh 
250 |a Revised Edition 
264 1 |a Singapore :   |b Quins Pte   |c 1984 
300 |a xix, 432 pages ;   |c 23 cm. 
336 |a text  |2 rdacontent 
337 |a unmediated  |2 rdamedia 
338 |a volume  |2 rdacarrier 
650 0 |a Inheritance and transfer tax   |z Malaysia 
650 0 |a Tax Planning   |z Malaysia 
650 0 |a Tax Planning   |z Singapore 
650 0 |a Trusts and trustees   |x Taxation   |z Malaysia 
740 1 |a Tax planning (trusts & estate duty) 
999 |a 0000000605   |b BOOK   |c Open Shelf   |e Default branch